01126nam a2200193Ia 4500001001100000003001000011008004100021040002500062041001300087100002400100245002000124250001100144260008600155300001200241500026000253501011400513520026000627650004500887L808-33408IT-CnALBA170116s9999||||xx |||||||||||||| ||und|| aIT-CnALBAcIT-CnALBA aITALIANO aPICK MERLO VITTORIO 0aFAVOLE KIKUYU.  a1a ed. a TORINO, ROMAbMISSIONI CONSOLATA c1967 [1° Ed.:1967 - Ed.Ling.Originale: 1967] a142 p.  aQUADERNI MISSIONARI. PRESENTAZIONE DI BERNARDI B. ORIGINE DELLE POPOLAZIONI AFRICANE. RITI LEGGENDE FAVOLE DELLA FANTASIA POPOLARE. GARA DEL CAMALEONTE CON L'ANTILOPE. FURBIZIA DEL VECCHIO GALLO. IL PAESE DELLA CUCCAGNA. UOMO PADRONE DEL BESTIAME. GALLO C aSocietà San Paolo EM - Piazza San Paolo, 14 - 12051 ALBA (CN) (non commercial uses only) ® Copyright 2017 aQUADERNI MISSIONARI. PRESENTAZIONE DI BERNARDI B. ORIGINE DELLE POPOLAZIONI AFRICANE. RITI LEGGENDE FAVOLE DELLA FANTASIA POPOLARE. GARA DEL CAMALEONTE CON L'ANTILOPE. FURBIZIA DEL VECCHIO GALLO. IL PAESE DELLA CUCCAGNA. UOMO PADRONE DEL BESTIAME. GALLO C aNARRATIVA DI VARIE LETTERATURE - ROMANZI